| 000 | 01067nam a2200253 a 4500 | ||
|---|---|---|---|
| 001 | 000026046 | ||
| 005 | 20200930024245.0 | ||
| 008 | 110217s1992 mx a r 000 | spa d | ||
| 020 | _a9688802441 | ||
| 040 |
_aDO-SdBNP _bspa _cBNPHU |
||
| 041 |
_aspa _heng _2Código de idioma MARC |
||
| 082 |
_a621.3815 _bW149d |
||
| 100 | 1 |
_aWakerly, John F. , _95116 |
|
| 240 | 0 |
_aDigital Design Principles and Practices. _lEspañol |
|
| 245 | 1 | 0 |
_aDiseño digital : _bprincipios y prácticas / _cJohn F. Wakerly ; traducción Raymundo Hugo Rangel Guitierrez ; revisión técnica Isabel Quintas; edición José Tomas Pérez Bonilla. |
| 260 |
_aMéxico, D. F. : _bPrentice Hall Hispanoamericana, _c1992. |
||
| 300 |
_axxiii, 734 p. : _bil. ; _c24 cm. |
||
| 534 |
_aTítulo original : _tDigital Design Principles and Practices. |
||
| 500 | _aIncluye índice : p. 717-734 | ||
| 650 | 4 |
_aCircuitos integrados digitales _xDiseño y construcción _95118 |
|
| 700 | 1 |
_aRangel Guitierrez, Raymundo Hugo, _etr. _952985 |
|
| 700 | 1 |
_aPérez Bonilla, José Tomas, _eed. _922 |
|
| 049 | _aBNGR | ||
| 999 |
_c25538 _d25538 |
||